[Event "Podgorica op"]
[Site "Podgorica"]
[Date "2010.12.16"]
[Round "7"]
[White "Vesovic, Nebojsa"]
[Black "Kandic, Milojko"]
[Result "0-1"]
[WhiteElo "2009"]
[BlackElo "2076"]
[PlyCount "84"]
[EventDate "2010.12.11"]
[EventType "swiss"]
[EventRounds "9"]
[EventCountry "MNE"]
[SourceTitle "CBM 139 Extra"]
[Source "ChessBase"]
[SourceDate "2011.01.05"]
[SourceVersion "1"]
[SourceVersionDate "2011.01.05"]
[SourceQuality "1"]

1. Nf3 c5 2. e4 g6 3. Nc3 Bg7 4. Be2 Nc6 5. d3 e6 6. Be3 Nd4 7. 0-0 a6 8. Qd2 b5 9. a3 Ne7 10. Bd1 h6 11. h3 f5 12. Nh2 Bb7 13. Re1 Qc7 14. f4 0-0 15. Bf2 Rac8 16. Kh1 fxe4 17. dxe4 Qxf4 18. Be3 Qh4 19. Bf3 Nec6 20. Bf2 Qe7 21. Nd1 Ne5 22. Bxd4 cxd4 23. c3 Nc4 24. Qe2 dxc3 25. bxc3 Nxa3 26. Rc1 Nc4 27. e5 Bxf3 28. Nxf3 Rc5 29. Qd3 g5 30. Ne3 Nxe5 31. Nxe5 Rxe5 32. Red1 d5 33. Ra1 Qb7 34. Ng4 Ref5 35. Ne3 Rf4 36. Ra3 Rc8 37. Re1 Rc6 38. Ng4 Qf7 39. Ne3 h5 40. Nd1 g4 41. Re3 Rf1+ 42. Kh2 Rxd1 0-1